• 首页
  • 本馆介绍
  • 公告通知
  • 最新文献
  • 馆藏检索
  • 电子资源
  • 读者导购
  • 参考咨询
  • 我的图书馆
  • 登录
  • 详细信息显示
  • 放入我的书架
  • 预约/预借图书
  • 作者相关作品
  • 分类相关作品
  • 丛书相关作品
  • 出版社相关作品

书目信息

  • 表格格式
  • 工作单格式
  • 卡片格式
题名:
胶粘剂生产工艺与技术
    
 
作者: 韩长日 , 宋小平 , 瞿平 主编
分册:  
出版信息: 北京   科学技术文献出版社  2018
页数: 402页
开本: 26cm
丛书名: 精细化工品生产工艺与技术
单 册:
中图分类: TQ430.6
科图分类:
主题词: 胶粘剂--jiao nian ji--化工生产--生产工艺
电子资源:
ISBN: 978-7-5189-2888-0
000 01285nam 2200313 450
001 012001002685
005 20140101131536.0
010    @a978-7-5189-2888-0@dCNY98.00
099    @aCAL 012018034186
100    @a20180331d2018 em y0chiy50 ea
101 0  @achi
102    @aCN@b110000
105    @aak a 000yy
106    @ar
200 1  @a胶粘剂生产工艺与技术@Ajiao nian ji sheng chan gong yi yu ji shu@f韩长日, 宋小平, 瞿平主编
210    @a北京@c科学技术文献出版社@d2018
215    @a402页@c图@d26cm
225 2  @a精细化工品生产工艺与技术@Ajing xi hua gong pin sheng chan gong yi yu ji shu
320    @a有书目 (第401-402页)
330    @a本书介绍了酚醛树脂胶粘剂、丙烯酸类胶粘剂、橡胶类胶粘剂、聚酯与不饱与聚酯胶粘剂、聚乙烯醇与聚醋酸乙烯酯胶粘剂、环氧树脂胶粘剂、聚氨酯胶粘剂和其他类胶粘剂的生产工艺与技术。对各种胶粘剂产品的产品性能、工艺流程、生产配方、生产工艺、产品标准、产品用途都做了全面而系统的阐述。
333    @a胶粘制剂生产工艺技术人员
410  0 @12001 @a精细化工品生产工艺与技术
606 0  @a胶粘剂@Ajiao nian ji@x化工生产@x生产工艺
690    @aTQ430.6@v5
701  0 @a韩长日@Ahan chang ri@4主编
701  0 @a宋小平@Asong xiao ping@4主编
701  0 @a瞿平@Aqu ping@4主编
801  0 @aCN@b北京卓展@c20191020
905    @b1204207-10@dTQ430.6@e15@f4
    
    胶粘剂生产工艺与技术/韩长日, 宋小平, 瞿平主编.-北京:科学技术文献出版社,2018
    402页:图;26cm.-(精细化工品生产工艺与技术)
    使用对象:胶粘制剂生产工艺技术人员
    
    ISBN 978-7-5189-2888-0:CNY98.00
    本书介绍了酚醛树脂胶粘剂、丙烯酸类胶粘剂、橡胶类胶粘剂、聚酯与不饱与聚酯胶粘剂、聚乙烯醇与聚醋酸乙烯酯胶粘剂、环氧树脂胶粘剂、聚氨酯胶粘剂和其他类胶粘剂的生产工艺与技术。对各种胶粘剂产品的产品性能、工艺流程、生产配方、生产工艺、产品标准、产品用途都做了全面而系统的阐述。
●
相关链接 在E读中查询图书 在五车中查询图书 在当当中查询图书 在豆瓣中查询图书


正题名:胶粘剂生产工艺与技术     索取号:TQ430.6/15         预约/预借

序号 登录号 条形码 馆藏地/架位号 状态 备注
1 1204207   212042074   第二样本阅览室/ [索取号:TQ430.6/15] 在馆    
2 1204208   212042083   第三借阅区/ [索取号:TQ430.6/15] 在馆    
3 1204209   212042092   第三借阅区/ [索取号:TQ430.6/15] 在馆    
4 1204210   212042109   第三借阅区/ [索取号:TQ430.6/15] 在馆    
唐山师范学院图书馆 欢迎您!
大连网信软件有限公司© 版权所有